| 000 | 01027nam0a22003371 4500 | ||
|---|---|---|---|
| 001 | RU\NLR\A1SV\88839 | ||
| 005 | 20251031143542.0 | ||
| 035 | _a(NLR Aleph) 009770210 | ||
| 090 |
_a10052794 _c10052794 |
||
| 100 | _a20080707d1924 u y0rusy50 ca | ||
| 101 | 1 |
_arus _cger |
|
| 102 | _aRU | ||
| 200 | 1 |
_aПутешествие на луну _eПриключения двух детей на луне _fКарл Мейер-Лемго _gПер. с нем. С.С.К. |
|
| 210 |
_aЛ. _aМ. _cКнига _d1924 |
||
| 215 |
_a82, [1] с. _cил. _d21 см |
||
| 300 | _aНапеч. в Ленинграде | ||
| 300 | _aНа обл. дата: 1925 | ||
| 620 | _dСанкт-Петербург | ||
| 620 | _dМосква | ||
| 700 | 1 |
_aМейер-Лемго _bК. _gКарл |
|
| 702 | 0 | _aС.С.К. | |
| 801 | 0 |
_aRU _bNLR _c20080707 |
|
| 852 |
_aNLR _j35.64.6.121 |
||
| 852 |
_aNLR _j35.64.6.121а |
||
| 899 | _aНГОУНБ | ||
| 899 | _aРГБ | ||
| 899 | _aРКП | ||
| 942 | _cBOOK | ||
| 980 | _aA1SV | ||
| 980 | _aNB | ||